Netflix's KAOS: Characters by Picture - Statistics

General Stats
  • This quiz has been taken 23 times
  • The average score is 14 of 20
Answer Stats
Picture Answer % Correct
Hades
95%
Hera
95%
Medusa
95%
Orpheus
90%
Persephone
90%
Prometheus
90%
Zeus
90%
Dionysus
85%
Poseidon
85%
Ariadne
80%
Eurydice
80%
Minos
80%
Charon
70%
Cassandra
65%
Caeneus
60%
Theseus
55%
Astyanax
45%
Andromache
30%
Hecuba
25%
Nik
10%
No matching quizzes found
Score Distribution
Percent of People with Each Score
Percentile by Number Answered
Your Score History
You have not taken this quiz